Loading...
| Literature - Drama | 0 | 3 | 0 | 1 | 30 | 117 | 130.33 | 0 | 2 | 6.51 | 23.21 |
| Short Fiction and Other | 0 | 2 | 0 | 0 | 20 | 127 | 136.00 | 0 | 0 | 4.38 | 8.16 |
| Literature - Long Fiction | 0 | 2 | 0 | 0 | 20 | 126 | 139.50 | 0 | 0 | 3.02 | 8.33 |
| Literature - Poetry | 0 | 2 | 0 | 0 | 20 | 114 | 126.50 | 0 | 0 | 2.99 | 8.57 |
| Science - Biology | 0 | 2 | 0 | 1 | 20 | 97 | 118.50 | 0 | 0 | 2.83 | 5.71 |
| Literature - Short Fiction | 0 | 1 | 0 | 0 | 10 | 124 | 124.00 | 0 | 0 | 9.74 | 7.14 |
| Fine Arts - Painting and Sculpture | 0 | 1 | 0 | 1 | 10 | 153 | 153.00 | 0 | 0 | 0.06 | 1.43 |
| Mythology | 0 | 1 | 0 | 0 | 10 | 117 | 117.00 | 0 | 0 | 3.07 | 4.08 |
| Fine Arts - Other | 0 | 1 | 0 | 1 | 10 | 136 | 136.00 | 0 | 0 | 0.05 | 0.95 |